| 000 | 00547nam a22001937a 4500 | ||
|---|---|---|---|
| 003 | OSt | ||
| 005 | 20220107122721.0 | ||
| 008 | 130822b xxu||||| |||| 00| 0 eng d | ||
| 020 | _a9780393340549 | ||
| 040 | _cIIITM-K | ||
| 082 | _a616.8584 ABO/V | ||
| 100 |
_aAboujaoude, Elias _92055 |
||
| 245 |
_aVirtually you: _bThe dangerous powers of e-personality _cby Elias Aboujadoude |
||
| 260 |
_aNew York, _bW.W Norton & Company, _c2011. |
||
| 300 | _a349p. | ||
| 650 |
_aINTERNET _92056 |
||
| 650 |
_aPERSONALITY DISORDERS _92057 |
||
| 942 |
_2ddc _cBK |
||
| 999 |
_c3280 _d3280 |
||